Externá pozícia Slovenska a udržateľnosť bežného účtu

Medzinárodná finančná integrácia SR. Náprava vonkajšej rovnováhy. Medzinárodná investičná pozícia.

Guardado en:
Detalles Bibliográficos
Autor principal: Strachotová, Anna
Formato: Capítulo de libro
Lenguaje:eslovaco
Materias:
Etiquetas: Agregar Etiqueta
Sin Etiquetas, Sea el primero en etiquetar este registro!

MARC

LEADER 00000naa a2200000 4500
001 0124907
005 20231116090950.8
041 0 |a slo 
044 |a SK 
245 1 0 |a Externá pozícia Slovenska a udržateľnosť bežného účtu  |c Anna Strachotová 
520 |a Medzinárodná finančná integrácia SR. Náprava vonkajšej rovnováhy. Medzinárodná investičná pozícia. 
610 2 0 |a eurozóna 
610 2 0 |a stabilita finančná 
610 2 0 |a integrácia ekonomická 
610 2 0 |a účty bežné 
610 2 0 |a nerovnováha hospodárska 
610 2 0 |a Slovensko 
100 1 |a Strachotová, Anna